000
00270nam a2200121Ia 4500
008
191201s2008 xx 000 0 und d
100
_a
MITTAL, Abha
245
0
_a
Micro Economic
260
_a
N. Delhi
_b
Taxmann,s
_c
2008
300
_a
272
650
_a
MBA
942
_2
ddc
_c
BK
999
_c
207
_d
207